Community immersion : (Record no. 9860)

MARC details
000 -LEADER
fixed length control field 00671nam a22001937a 4500
003 - CONTROL NUMBER IDENTIFIER
control field OSt
005 - DATE AND TIME OF LATEST TRANSACTION
control field 20260424071442.0
008 - FIXED-LENGTH DATA ELEMENTS--GENERAL INFORMATION
fixed length control field 260424b |||||||| |||| 00| 0 eng d
020 ## - INTERNATIONAL STANDARD BOOK NUMBER
International Standard Book Number 971-8581-81-2
040 ## - CATALOGING SOURCE
Original cataloging agency OC
Transcribing agency DWC-Main Lib
082 ## - DEWEY DECIMAL CLASSIFICATION NUMBER
Classification number Fil. 307.1 L735c 2004
100 ## - MAIN ENTRY--PERSONAL NAME
Personal name Bhagwani, E.
245 ## - TITLE STATEMENT
Title Community immersion :
Remainder of title towards becoming agents of community empowerment
Statement of responsibility, etc. Bhagwani, Ernie T.
260 ## - PUBLICATION, DISTRIBUTION, ETC.
Place of publication, distribution, etc. Quezon City :
Name of publisher, distributor, etc. Great Books Trading,
Date of publication, distribution, etc. c2004
300 ## - PHYSICAL DESCRIPTION
Extent xiv, 140 pages ;
Dimensions 22 cm.
504 ## - BIBLIOGRAPHY, ETC. NOTE
Bibliography, etc. note Includes bibliography
650 ## - SUBJECT ADDED ENTRY--TOPICAL TERM
Topical term or geographic name entry element 1. Community immersion.
942 ## - ADDED ENTRY ELEMENTS (KOHA)
Source of classification or shelving scheme Dewey Decimal Classification
Koha item type Book-Filipiniana
Classification part Fil. 307.1 L735c 2004
Call number prefix Fil.
Suppress in OPAC No
952 ## - LOCATION AND ITEM INFORMATION (KOHA)
--
Holdings
Withdrawn status Lost status Source of classification or shelving scheme Damaged status Not for loan Home library Current library Shelving location Date acquired Source of acquisition Total Checkouts Full call number Barcode Date last seen Copy number Price effective from Koha item type Uniform Resource Identifier
    Dewey Decimal Classification     College Library College Library Filipiniana 11/24/2004 School Fund   Fil. 307.1 L735c 2004 CL41376 04/24/2026 c1 04/24/2026 BK - FIL